000 01142cam a22003497a 4500
003 CHAP
005 20220329141710.0
008 971013s1981 r 00010 d
010 _a72423
011 _a73395
035 _a82952
040 _cCHAP
090 _aFolleto 4167 No. 65
110 _aCanada. Department of Agriculture
_918180
245 0 _aSweetclover weevil Sitona cylindricollis (Fahraeus)
260 _aOttawa :
_b(s.e.),
_c1981
300 _a2 p.
_b: ilus.
490 0 _aInsect identification sheet
_v; 65
501 _aEnc. con otros impresos similares
590 _aBATCH-UPD
_b10
_c20130110
_lUCH01
_h0417
590 _aBATCH-UPD
_b10
_c20130110
_lUCH01
_h2351
590 _aBATCH-UPD
_b10
_c20130410
_lUCH01
_h0051
590 _aBATCH-UPD
_b10
_c20130914
_lUCH01
_h0113
590 _aCONVERSION
_b10
_c20130109
_lUCH01
_h1340
650 1 4 _aAlfalfa
_xPlagas.
_93882
650 1 4 _aInsectos
_xIdentificación.
_958929
650 1 4 _aSitona cylindricollis.
_9106787
830 0 _aInsect identification sheet
_v; 65
_958853
901 _aBK
942 _cFOLL
949 _aFolleto 4167
_bBC
_cESP
_d-37242
_eESP
_fNo.65
_i82952
_mD
_si
999 _c72423
_d72423